000 00305nam a2200121Ia 4500
008 221102s9999 xx 000 0 und d
041 _aeng
082 _bCha
100 _aChaudhary Nandita
_995170
245 _aModern Indian English Poetry
250 _a1
260 _bSwastik publication
_c1905-07-06
999 _c82306
_d82306